000 00477nam a2200145 i 4500
001 56573
003 ES-MaACL
007 t|
008 031010s1918 fr ||||1| fre d
100 1 _aDide, Maurice.
_944509
245 1 4 _aLes emotions et la guerre
_b: reactions des individus et des collectivites dans le conglit moderne /
_cpar Maurice Dide.
260 _aParĂ­s :
_b[s.n.,
_c1918] (
_eCoulommiers :
_fP. Brodard)
300 _a276 p. ;
_c22 cm.
852 _aES-MaACL
_jB-6343
999 _c56573
_d56573